Japanese foreign policy, 1869-1942 : Kasumigaseki to Miyakezaka

Spremljeno u:
Bibliografski detalji
Glavni autor: Nish, Ian Hill
Format: Knjiga
Jezik:Undetermined
Izdano: London Routledge & K. Paul 1977
Oznake: Dodaj oznaku
Bez oznaka, Budi prvi tko označuje ovaj zapis!
Thư viện lưu trữ: Trung tâm Học liệu Trường Đại học Cần Thơ
LEADER 00512nam a2200193Ia 4500
001 CTU_111382
008 210402s9999 xx 000 0 und d
020 |c 1159000 
082 |a 327.52 
082 |b N723 
100 |a Nish, Ian Hill 
245 0 |a Japanese foreign policy, 1869-1942 : 
245 0 |b Kasumigaseki to Miyakezaka 
245 0 |c Ian Hill Nish 
260 |a London 
260 |b Routledge & K. Paul 
260 |c 1977 
904 |i Năm 
980 |a Trung tâm Học liệu Trường Đại học Cần Thơ